[Event "OSREDNJA SLOVENSKA LIGA 2025"]
[Site "gostovanja"]
[Date "2025.10.23"]
[Round "6.1"]
[White "Gantar, Jan"]
[Black "Osolin, Bogdan"]
[Result "1/2-1/2"]
[WhiteElo "2178"]
[BlackElo "1904"]
[PlyCount "26"]
[EventDate "2025.09.18"]
[WhiteTeam "SK KOMENDA POPOTNIK"]
[BlackTeam "SD CRNI GRABEN"]

1. e4 e5 2. Nf3 Nc6 3. Nc3 Nf6 4. h3 Bb4 5. Bd3 Qe7 6. O-O Bxc3 7. bxc3 O-O 8.
Re1 d6 9. Bf1 Re8 10. d3 h6 11. g3 d5 12. exd5 Nxd5 13. Bd2 Qa3 1/2-1/2

[Event "OSREDNJA SLOVENSKA LIGA 2025"]
[Site "gostovanja"]
[Date "2025.10.23"]
[Round "6.1"]
[White "Majcen, Zoran"]
[Black "Zidar, Jernej"]
[Result "0-1"]
[WhiteElo "1904"]
[BlackElo "2036"]
[PlyCount "118"]
[EventDate "2025.09.18"]
[WhiteTeam "SD CRNI GRABEN"]
[BlackTeam "SK KOMENDA POPOTNIK"]

1. e4 c5 2. Nc3 d6 3. Bc4 g6 4. f4 e6 5. Nf3 Bg7 6. O-O Ne7 7. Qe1 O-O 8. Qh4
Nbc6 9. a3 a6 10. d3 b5 11. Ba2 Qc7 12. f5 exf5 13. Ng5 h6 14. Nxf7 Rxf7 15.
Bxf7+ Kxf7 16. Bxh6 Be6 17. Bf4 Bd4+ 18. Kh1 Rh8 19. Qg3 Be5 20. Rae1 Bxf4 21.
Qxf4 Qd7 22. g4 Ne5 23. gxf5 gxf5 24. exf5 Bd5+ 25. Nxd5 Nxd5 26. Qg5 Nf6 27.
Re2 Rg8 28. Qd2 Qc6+ 29. Rg2 Nf3 30. Qe2 Nd4 31. Qf2 Nxf5 32. Rfg1 Ng3+ 33.
Qxg3 Rxg3 34. hxg3 Qf3 35. Re1 Ng4 36. Kg1 Kg7 37. Re7+ Kf6 38. Re1 Qd5 39. Re4
Ne5 40. g4 c4 41. g5+ Kg6 42. Rf4 cxd3 43. cxd3 Qxd3 44. Rf6+ Kg7 45. Rgf2 Qg3+
46. Kf1 Qxg5 47. Rxd6 Qc1+ 48. Kg2 Qc8 49. Rdf6 Qg4+ 50. Kf1 Qh3+ 51. Ke2 Qd3+
52. Ke1 Qb1+ 53. Ke2 Qxb2+ 54. Kf1 Qc1+ 55. Ke2 Qxa3 56. R6f4 Qd3+ 57. Ke1 Qg6
58. Kd1 Nd3 59. Rg2 Nxf4 0-1

[Event "OSREDNJA SLOVENSKA LIGA 2025"]
[Site "gostovanja"]
[Date "2025.10.23"]
[Round "6.1"]
[White "Juhant, Igor"]
[Black "Hribar, Janez"]
[Result "1-0"]
[WhiteElo "1972"]
[BlackElo "1863"]
[PlyCount "91"]
[EventDate "2025.09.18"]
[WhiteTeam "SK KOMENDA POPOTNIK"]
[BlackTeam "SD CRNI GRABEN"]

1. e4 Nf6 2. Nc3 d5 3. e5 d4 4. exf6 dxc3 5. fxg7 cxd2+ 6. Bxd2 Bxg7 7. c3 O-O
8. Nf3 e5 9. Qc2 h6 10. O-O-O Qe7 11. Bc4 Be6 12. Bxe6 Qxe6 13. Kb1 Nc6 14. Nh4
f5 15. Rhe1 Ne7 16. g3 b5 17. Bf4 e4 18. f3 Rad8 19. Rxd8 Rxd8 20. fxe4 c5 21.
Nf3 fxe4 22. Rxe4 Rd1+ 23. Bc1 Qd6 24. Rxe7 Rxc1+ 25. Kxc1 Qxe7 26. Qb3+ Qf7
27. Qxf7+ Kxf7 28. Kd2 Ke6 29. g4 a5 30. Kd3 a4 31. c4 b4 32. b3 axb3 33. axb3
Bf6 34. Ke4 Be7 35. Ne5 Bd6 36. Nd3 Be7 37. Nf4+ Kd6 38. Kf5 Bg5 39. Ng6 Be3
40. h4 Bd2 41. g5 hxg5 42. hxg5 Bc3 43. Nf4 Bb2 44. g6 Ke7 45. Ne6 Bc3 46. Nxc5
1-0

[Event "OSREDNJA SLOVENSKA LIGA 2025"]
[Site "gostovanja"]
[Date "2025.10.23"]
[Round "6.1"]
[White "Arlic, Nejc"]
[Black "Perme, Metod"]
[Result "1-0"]
[WhiteElo "1838"]
[BlackElo "1568"]
[PlyCount "49"]
[EventDate "2025.09.18"]
[WhiteTeam "SD CRNI GRABEN"]
[BlackTeam "SK KOMENDA POPOTNIK"]

1. e4 d5 2. exd5 Qxd5 3. Nc3 Qa5 4. Nf3 Nc6 5. Bc4 e6 6. O-O Nf6 7. d4 h6 8. d5
exd5 9. Nxd5 Be6 10. Bd2 Nb4 11. Nxf6+ gxf6 12. Bxe6 fxe6 13. a3 O-O-O 14. axb4
Qb6 15. Qe2 Bxb4 16. c3 Bd6 17. Be3 Bc5 18. Bxc5 Qxc5 19. Qxe6+ Rd7 20. Rfd1
Rhd8 21. Rxd7 b6 22. Rxd8+ Kxd8 23. Rd1+ Qd6 24. Rxd6+ cxd6 25. Qxd6+ 1-0

[Event "OSREDNJA SLOVENSKA LIGA 2025"]
[Site "gostovanja"]
[Date "2025.10.23"]
[Round "6.2"]
[White "Siraj, Svit"]
[Black "Markoja Jeraj, Sebastijan"]
[Result "1-0"]
[WhiteElo "2122"]
[BlackElo "2212"]
[PlyCount "71"]
[EventDate "2025.09.18"]
[WhiteTeam "SD VRHNIKA"]
[BlackTeam "SK DOL PRI LJUBLJANI"]

1. e4 c5 2. Nf3 d6 3. d4 cxd4 4. Qxd4 Nc6 5. Bb5 Bd7 6. Qd3 Nf6 7. O-O g6 8. c4
Bg7 9. Nc3 O-O 10. h3 Rc8 11. Be3 a6 12. Bxc6 Bxc6 13. Nd4 Nd7 14. Rac1 Qa5 15.
Rfd1 Rfd8 16. Nxc6 bxc6 17. Qc2 Qb4 18. Na4 Nf6 19. Bb6 d5 20. e5 Re8 21. a3
Qxc4 22. Qxc4 dxc4 23. exf6 Bxf6 24. Rxc4 e5 25. Rdc1 Re6 26. Nc5 Rd6 27. Ne4
Re6 28. Nxf6+ Rxf6 29. Bc5 Re6 30. Rd1 e4 31. Rcd4 Ree8 32. Rd7 Rb8 33. b4 Rb5
34. Rd8 Rxd8 35. Rxd8+ Kg7 36. Ra8 1-0

[Event "OSREDNJA SLOVENSKA LIGA 2025"]
[Site "gostovanja"]
[Date "2025.10.23"]
[Round "6.2"]
[White "Kampus, Andrej"]
[Black "Okorn, Nejc"]
[Result "0-1"]
[WhiteElo "2066"]
[BlackElo "1919"]
[PlyCount "150"]
[EventDate "2025.09.18"]
[WhiteTeam "SK DOL PRI LJUBLJANI"]
[BlackTeam "SD VRHNIKA"]

1. e4 e5 2. Bc4 Bc5 3. Nc3 Nc6 4. Qg4 g6 5. Qf3 Qf6 6. Nd5 Qxf3 7. Nxf3 Bd6 8.
c3 Na5 9. Be2 c6 10. Ne3 b6 11. b4 Nb7 12. Nc4 f6 13. Nxd6+ Nxd6 14. d3 Ne7 15.
a4 Nf7 16. a5 b5 17. Be3 f5 18. g3 a6 19. Nd2 d6 20. f4 O-O 21. O-O-O Be6 22.
Rhg1 Rac8 23. g4 exf4 24. Bxf4 fxe4 25. Nxe4 Nd5 26. Bd2 c5 27. Kb2 cxb4 28.
cxb4 Rc6 29. Rc1 Rfc8 30. Rxc6 Rxc6 31. Bf3 Ne5 32. Be2 Kf8 33. h4 Ke7 34. h5
Rc8 35. hxg6 hxg6 36. Rh1 Bxg4 37. Rh7+ Ke6 38. Ng5+ Kf5 39. Bf1 Nf4 40. Nf7
Nexd3+ 41. Kb1 Ke6 42. Ng5+ Kf6 43. Rf7+ Kxg5 44. Bxd3 Bf5 45. Bxf5 gxf5 46.
Rg7+ Kf6 47. Ra7 Nd5 48. Rxa6 Ke6 49. Ra7 Nc7 50. Rb7 Kd5 51. a6 Kc6 52. Be3
Nd5 53. Bf2 Ra8 54. Rf7 Rxa6 55. Rxf5 Nxb4 56. Bg3 Ra3 57. Bh2 Rh3 58. Bf4 Rf3
59. Rf6 Rd3 60. Bh6 Nd5 61. Rg6 Nb6 62. Kc2 Rf3 63. Bd2 Kc5 64. Ba5 Nc4 65.
Rg5+ d5 66. Bd8 Re3 67. Bf6 b4 68. Rg7 b3+ 69. Kd1 Rd3+ 70. Ke2 Rd2+ 71. Ke1 b2
72. Rb7 d4 73. Rc7+ Kd5 74. Rb7 Ke4 75. Be7 Rc2 0-1

[Event "OSREDNJA SLOVENSKA LIGA 2025"]
[Site "gostovanja"]
[Date "2025.10.23"]
[Round "6.2"]
[White "Vodnik, Val"]
[Black "Repe, Jure"]
[Result "1-0"]
[WhiteElo "1777"]
[BlackElo "1763"]
[PlyCount "83"]
[EventDate "2025.09.18"]
[WhiteTeam "SD VRHNIKA"]
[BlackTeam "SK DOL PRI LJUBLJANI"]

1. d4 d5 2. c4 e6 3. Nc3 Nf6 4. cxd5 exd5 5. Bg5 Bb4 6. e3 h6 7. Bh4 g5 8. Bg3
Ne4 9. Qa4+ Nc6 10. Bb5 Bxc3+ 11. bxc3 Bd7 12. Qa3 h5 13. f3 h4 14. Bf2 Nxf2
15. Kxf2 Qf6 16. h3 g4 17. Ne2 gxf3 18. gxf3 a6 19. Ba4 O-O-O 20. Nf4 Ne7 21.
Bxd7+ Rxd7 22. Qb3 Re8 23. Rab1 b6 24. Qa4 a5 25. Qb5 Qf5 26. Nd3 Ng6 27. Nc5
Rde7 28. Qa6+ Kd8 29. Qa8+ Qc8 30. Qxd5+ Rd7 31. Qxd7+ Qxd7 32. Nxd7 Kxd7 33.
Rhg1 Re6 34. Rg4 Rc6 35. Rc1 b5 36. Rg5 Rb6 37. Ke2 a4 38. Rb1 c6 39. a3 Kd6
40. c4 Rb7 41. cxb5 cxb5 42. Rgxb5 1-0

[Event "OSREDNJA SLOVENSKA LIGA 2025"]
[Site "gostovanja"]
[Date "2025.10.23"]
[Round "6.3"]
[White "Pisek, Igor"]
[Black "Persl, Bojan"]
[Result "1/2-1/2"]
[WhiteElo "1842"]
[BlackElo "2039"]
[PlyCount "107"]
[EventDate "2025.09.18"]
[WhiteTeam "SK VISNJA GORA 2"]
[BlackTeam "SK LJUBLJANA TAJFUN"]

1. e4 c5 2. Nf3 d6 3. Bc4 e6 4. O-O a6 5. a4 Nc6 6. c3 Nf6 7. d3 Be7 8. Bg5 O-O
9. Nbd2 h6 10. Bh4 Qc7 11. h3 Rd8 12. Bg3 Na5 13. Qc2 Nxc4 14. Nxc4 Ne8 15. a5
Bd7 16. Nb6 Rab8 17. Rfe1 Bc6 18. Rac1 Bf8 19. b3 g5 20. d4 cxd4 21. cxd4 Qe7
22. d5 Bb5 23. e5 Ng7 24. exd6 Rxd6 25. Bxd6 Qxd6 26. Qc7 exd5 27. Qxd6 Bxd6
28. Nxd5 Ne6 29. Rcd1 Bc5 30. Nf6+ Kg7 31. Nd7 Rc8 32. Nxc5 Rxc5 33. Nd4 Nxd4
34. Rxd4 Bc6 35. b4 Rc2 36. Red1 Rb2 37. f3 f6 38. R1d2 Rb3 39. Kf2 h5 40. Ke2
Kg6 41. Kd1 h4 42. Kc2 Ba4 43. Kc1 Bb5 44. Rc2 Bf1 45. Rb2 Ra3 46. Rd1 Bb5 47.
Rd4 Kf5 48. Kd2 Bf1 49. Ke1 Bb5 50. Rc2 Ra1+ 51. Kd2 Ra3 52. Rc5+ Ke6 53. Rc2
Ba4 54. Rb2 {nejasno (60)} 1/2-1/2

[Event "OSREDNJA SLOVENSKA LIGA 2025"]
[Site "gostovanja"]
[Date "2025.10.23"]
[Round "6.3"]
[White "Srebrnic, Vojko"]
[Black "Mirtic, Lovro"]
[Result "1-0"]
[WhiteElo "1964"]
[BlackElo "1879"]
[PlyCount "56"]
[EventDate "2025.09.18"]
[WhiteTeam "SK LJUBLJANA TAJFUN"]
[BlackTeam "SK VISNJA GORA 2"]

1. e4 d5 2. exd5 Qxd5 3. Nc3 Qa5 4. g3 c6 5. Bg2 Nf6 6. Nge2 Bf5 7. b4 Qb6 8.
O-O e5 9. Rb1 Qc7 10. d3 Be7 11. b5 O-O 12. h3 h5 13. Be3 Qd7 14. Kh2 Be6 15.
a4 Nd5 16. Nxd5 cxd5 17. Qc1 Rc8 18. Qb2 Bd6 19. c3 f5 20. d4 h4 21. dxe5 Bxe5
22. Bd4 Bd6 23. Qd2 Qd8 24. Nf4 Bf7 25. Rfe1 g5 26. Ne6 Bxe6 27. Rxe6 f4 28.
Be5 fxg3+ {nejasno (34)} 1-0

[Event "OSREDNJA SLOVENSKA LIGA 2025"]
[Site "gostovanja"]
[Date "2025.10.23"]
[Round "6.3"]
[White "Miceli, Dario Edgardo"]
[Black "Borstar, Dusan"]
[Result "1/2-1/2"]
[WhiteElo "1756"]
[BlackElo "1838"]
[PlyCount "78"]
[EventDate "2025.09.18"]
[WhiteTeam "SK VISNJA GORA 2"]
[BlackTeam "SK LJUBLJANA TAJFUN"]

1. d4 Nf6 2. Bg5 e6 3. Nf3 Be7 4. Nbd2 h6 5. Bh4 b6 6. e3 Bb7 7. Bd3 d6 8. h3
Nbd7 9. Bg3 a5 10. Qe2 Qc8 11. O-O Ba6 12. Rfe1 Bxd3 13. Qxd3 Qa6 14. Qxa6 Rxa6
15. c4 O-O 16. Rac1 Rc8 17. e4 Nh5 18. Bh2 g5 19. Nb1 Ng7 20. Nc3 Ne8 21. a3
Raa8 22. Re2 Bf8 23. g4 Rab8 24. Ne1 Rb7 25. f4 c6 26. fxg5 hxg5 27. Nf3 Bh6
28. Rec2 Kh7 29. a4 Kg6 30. Kg2 Bg7 31. Bg1 Nc7 32. Be3 Bf6 33. d5 Na6 34. dxc6
Rxc6 35. Nb5 Nac5 36. Nbd4 Rc8 37. Nb5 Rc6 38. Nfd4 Bxd4 39. Nxd4 Rc8 1/2-1/2

[Event "OSREDNJA SLOVENSKA LIGA 2025"]
[Site "gostovanja"]
[Date "2025.10.23"]
[Round "6.3"]
[White "Tomazin Kosorok, Tadej"]
[Black "Ivanjko, Zan"]
[Result "1/2-1/2"]
[WhiteElo "1614"]
[BlackElo "1719"]
[PlyCount "174"]
[EventDate "2025.09.18"]
[WhiteTeam "SK LJUBLJANA TAJFUN"]
[BlackTeam "SK VISNJA GORA 2"]

1. e4 e6 2. e5 d6 3. exd6 cxd6 4. d4 Nc6 5. Nf3 Nf6 6. Bd3 Be7 7. O-O O-O 8. c3
Bd7 9. Bg5 h6 10. Bh4 Qb6 11. b3 Rac8 12. Bc2 Nd5 13. Qd3 f5 14. Bxe7 Ncxe7 15.
a3 Qa5 16. c4 Nb4 17. Qc3 Nbc6 18. b4 Qc7 19. c5 Nd8 20. Qb3 Nd5 21. Nh4 Ne7
22. Bd3 Ndc6 23. Nf3 dxc5 24. dxc5 Rfd8 25. Nc3 a6 26. Na4 Ne5 27. Nxe5 Qxe5
28. Nb6 Rc7 29. Rfe1 Qf6 30. Bc4 Kh7 31. Nxd7 Rcxd7 32. Bxe6 Rd3 33. Qa4 Qd4
34. h3 Rd2 35. Rf1 Rxf2 36. Rxf2 Qxa1+ 37. Rf1 Qd4+ 38. Kh1 Qd3 39. Re1 f4 40.
Bg4 Nf5 41. Rd1 Ng3+ 42. Kh2 Nf1+ 43. Kg1 Nd2 44. Qa5 f3 45. gxf3 Qe3+ 46. Kh1
Rf8 47. c6 Qe2 48. Rxd2 Qe1+ 49. Kh2 Qxd2+ 50. Kg3 Qe1+ 51. Kg2 Qe2+ 52. Kg3
Qe1+ 53. Kg2 Qd2+ 54. Kg3 Qd6+ 55. Kg2 Qxc6 56. Bf5+ g6 57. Be4 Qd7 58. Qb6
Qd2+ 59. Kg3 Qg5+ 60. Kh2 Qf4+ 61. Kg2 Qf6 62. Qxb7+ Rf7 63. Qc8 h5 64. Qc5 Kh6
65. Qd5 h4 66. Qd2+ Qf4 67. Qxf4+ Rxf4 68. Bb7 Rf6 69. a4 Kg5 70. a5 Kf4 71. b5
axb5 72. a6 Rd6 73. a7 Rd2+ 74. Kg1 Ra2 75. a8=Q Rxa8 76. Bxa8 Kg3 77. Bd5 g5
78. Kf1 Kxh3 79. Kf2 b4 80. Bb3 Kh2 81. Be6 Kh1 82. Bc4 Kh2 83. Bd5 Kh3 84. Bf7
Kh2 85. Ba2 Kh3 86. Bb3 Kh2 87. Bd5 Kh3 1/2-1/2

[Event "OSREDNJA SLOVENSKA LIGA 2025"]
[Site "gostovanja"]
[Date "2025.10.23"]
[Round "6.4"]
[White "Coklin, Marko"]
[Black "Ivanec, Dezider"]
[Result "1/2-1/2"]
[WhiteElo "2059"]
[BlackElo "2032"]
[PlyCount "40"]
[EventDate "2025.09.18"]
[WhiteTeam "SK TRZIN BUSCOTRADE"]
[BlackTeam "DRUSTVO KPSRD KAREL JERAJ"]

1. e4 c5 2. c3 g6 3. d4 cxd4 4. cxd4 d5 5. e5 Bg7 6. Nc3 Nh6 7. Be2 O-O 8. Nf3
Bg4 9. O-O Bxf3 10. Bxf3 e6 11. Be3 Nc6 12. Qd2 Nf5 13. Bg4 Nxe3 14. fxe3 Qg5
15. Rf4 h5 16. h4 Qe7 17. Bh3 Bh6 18. Rf6 Bg7 19. Rf4 Bh6 20. Rf6 Bg7 1/2-1/2

[Event "OSREDNJA SLOVENSKA LIGA 2025"]
[Site "gostovanja"]
[Date "2025.10.23"]
[Round "6.4"]
[White "Butala, Marjan"]
[Black "Lah, Emil"]
[Result "1/2-1/2"]
[WhiteElo "1905"]
[BlackElo "1953"]
[PlyCount "83"]
[EventDate "2025.09.18"]
[WhiteTeam "DRUSTVO KPSRD KAREL JERAJ"]
[BlackTeam "SK TRZIN BUSCOTRADE"]

1. Nf3 c5 2. c4 g6 3. Nc3 Bg7 4. g3 Nc6 5. Bg2 Nf6 6. d3 d6 7. O-O O-O 8. Rb1
Bg4 9. h3 Bd7 10. Bd2 h6 11. a3 Rb8 12. b4 b6 13. Qc1 Kh7 14. b5 Nd4 15. Ne1 e5
16. e4 Ng8 17. Nc2 f5 18. Nxd4 cxd4 19. Nd5 Nf6 20. Nxf6+ Qxf6 21. f3 f4 22.
Qe1 Rf7 23. g4 h5 24. Kf2 Bh6 25. Ke2 Bg5 26. Qf2 Bh4 27. Qg1 Rbf8 28. Kd1 hxg4
29. hxg4 Kg7 30. Be1 Rh8 31. Bxh4 Qxh4 32. Qf2 Qxf2 33. Rxf2 Rh2 34. Rbb2 Kf6
35. Bf1 Rxf2 36. Rxf2 Rh7 37. Ke1 Kg5 38. Ra2 Bc8 39. a4 a5 40. bxa6 Bxa6 41.
Rb2 Rb7 42. Kf2 1/2-1/2

[Event "OSREDNJA SLOVENSKA LIGA 2025"]
[Site "gostovanja"]
[Date "2025.10.23"]
[Round "6.4"]
[White "Krupenko, Peter"]
[Black "Stimec, Marjan"]
[Result "1/2-1/2"]
[WhiteElo "1968"]
[BlackElo "1842"]
[PlyCount "149"]
[EventDate "2025.09.18"]
[WhiteTeam "SK TRZIN BUSCOTRADE"]
[BlackTeam "DRUSTVO KPSRD KAREL JERAJ"]

1. c4 c5 2. Nf3 Nc6 3. d4 cxd4 4. Nxd4 Nf6 5. Nc3 d6 6. g3 e5 7. Ndb5 a6 8. Na3
Be7 9. Bg2 O-O 10. O-O Be6 11. b3 Rb8 12. Nc2 Re8 13. Bb2 Bf8 14. Ne3 Ne7 15.
Qd2 Nf5 16. Rfd1 Nxe3 17. Qxe3 Qc7 18. Rac1 Qa5 19. Qa7 d5 20. Nxd5 Bc5 21. b4
Qxa2 22. bxc5 Qxb2 23. Nc7 Red8 24. Nxe6 fxe6 25. Qb6 Qxb6 26. cxb6 Rxd1+ 27.
Rxd1 Kf7 28. c5 Ke7 29. Ra1 Nd7 30. c6 bxc6 31. Rxa6 Rxb6 32. Rxb6 Nxb6 33.
Bxc6 Nd5 34. e3 Kd6 35. Ba4 e4 36. Bc2 Ke5 37. Kf1 g5 38. g4 Nf6 39. Bd1 Nd5
40. Ke1 Nb4 41. Be2 h6 42. Kd2 Nd5 43. Kc2 Kd6 44. Kb3 Kc5 45. Bc4 Nc7 46. Bf1
Nd5 47. Bg2 Nf6 48. h3 e5 49. Bf1 h5 50. gxh5 Nxh5 51. Bg2 Nf6 52. Kc3 Kd5 53.
Kb4 Nd7 54. Bf1 Nc5 55. Bc4+ Kd6 56. Kc3 Kc6 57. Be2 Kd5 58. Bg4 Nd3 59. Kd2
Nxf2 60. Bc8 Kd6 61. Ke2 Nd3 62. Bf5 Kd5 63. Bg6 Nc5 64. Bf7+ Kd6 65. Kf2 Ke7
66. Bd5 Kf6 67. Kg3 Kf5 68. Bg8 Kg6 69. Kg4 Nd7 70. Bh7+ Kxh7 71. Kxg5 Kg7 72.
Kf5 Kf7 73. h4 Ke7 74. h5 Kf7 75. h6 1/2-1/2

[Event "OSREDNJA SLOVENSKA LIGA 2025"]
[Site "gostovanja"]
[Date "2025.10.23"]
[Round "6.4"]
[White "Cizman, Gregor"]
[Black "Suhadolnik, Jernej"]
[Result "1/2-1/2"]
[WhiteElo "1676"]
[BlackElo "1887"]
[PlyCount "49"]
[EventDate "2025.09.18"]
[WhiteTeam "DRUSTVO KPSRD KAREL JERAJ"]
[BlackTeam "SK TRZIN BUSCOTRADE"]

1. d4 b5 2. c3 e6 3. Nf3 Be7 4. Bf4 g5 5. Bg3 h5 6. h3 f5 7. e3 b4 8. Bd3 Nc6
9. Nbd2 d6 10. Bb5 Bd7 11. Qa4 bxc3 12. bxc3 Nb8 13. Bxd7+ Nxd7 14. Rb1 h4 15.
Bh2 g4 16. Ng1 Ngf6 17. Ne2 gxh3 18. gxh3 Rg8 19. Qb3 Nd5 20. Nf4 Nxf4 21. Bxf4
Rg6 22. Nf3 Rb8 23. Qc2 Rxb1+ 24. Qxb1 Qa8 25. Ke2 1/2-1/2

[Event "OSREDNJA SLOVENSKA LIGA 2025"]
[Site "gostovanja"]
[Date "2025.10.23"]
[Round "6.5"]
[White "Veskovic, Dzemal"]
[Black "Rici, Jurij"]
[Result "0-1"]
[WhiteElo "1885"]
[BlackElo "1900"]
[PlyCount "64"]
[EventDate "2025.09.18"]
[WhiteTeam "SD MENGES - TRZIN"]
[BlackTeam "SK MEDVODE"]

1. e4 e5 2. Nc3 Nc6 3. Nf3 Bc5 4. Bc4 Nf6 5. h3 O-O 6. d3 h6 7. O-O a6 8. a3 d6
9. Be3 Bd4 10. Rb1 Bxc3 11. bxc3 b6 12. Nh2 Be6 13. Bxe6 fxe6 14. f4 exf4 15.
Rxf4 e5 16. Rf5 Nh7 17. Qg4 Rxf5 18. exf5 Kh8 19. Rf1 Nf6 20. Qh4 Nd5 21. Qe1
Qd7 22. Bd2 Rf8 23. g4 Kg8 24. c4 Nf6 25. c3 d5 26. cxd5 Qxd5 27. Qe3 Rd8 28.
g5 hxg5 29. Qxg5 Qxd3 30. Be3 Ne4 31. Qg6 Qxe3+ 32. Kh1 Ng3+ 0-1

[Event "OSREDNJA SLOVENSKA LIGA 2025"]
[Site "gostovanja"]
[Date "2025.10.23"]
[Round "6.5"]
[White "Simicak, Metod"]
[Black "Jese, Janez"]
[Result "1-0"]
[WhiteElo "1875"]
[BlackElo "1779"]
[PlyCount "108"]
[EventDate "2025.09.18"]
[WhiteTeam "SD MENGES - TRZIN"]
[BlackTeam "SK MEDVODE"]

1. e4 e5 2. Nf3 Nc6 3. Bb5 a6 4. Bxc6 dxc6 5. h3 f6 6. O-O Be6 7. b3 Qd7 8. Ba3
Bxa3 9. Nxa3 g5 10. d4 g4 11. hxg4 Bxg4 12. dxe5 Qxd1 13. Raxd1 Bxf3 14. gxf3
Ke7 15. Nc4 fxe5 16. Nxe5 Nf6 17. Kh2 Ke6 18. Nd3 b6 19. Rg1 Rhg8 20. Rxg8 Rxg8
21. Rg1 Rxg1 22. Kxg1 c5 23. Kg2 c4 24. bxc4 c5 25. Kg3 Ne8 26. a4 Nd6 27. a5
Nxc4 28. axb6 Nxb6 29. Nxc5+ Ke5 30. Nxa6 Nc4 31. c3 Nd2 32. Nc5 Nf1+ 33. Kg2
Nd2 34. Nd3+ Ke6 35. Kg3 h5 36. Nf4+ Ke5 37. Nxh5 Nb1 38. c4 Nd2 39. c5 Nb3 40.
c6 Kd6 41. f4 Kxc6 42. f5 Kd7 43. e5 Ke7 44. Kg4 Nc5 45. f4 Ne4 46. Ng3 Nf2+
47. Kh5 Kf7 48. Ne2 Ne4 49. Kh6 Nc5 50. Nc3 Nd3 51. Nd5 Nf2 52. e6+ Kf8 53. Kg6
Ng4 54. e7+ Ke8 1-0

[Event "OSREDNJA SLOVENSKA LIGA 2025"]
[Site "gostovanja"]
[Date "2025.10.23"]
[Round "6.5"]
[White "Arcon, Roman"]
[Black "Ocepek, Marjan"]
[Result "1-0"]
[WhiteElo "1706"]
[BlackElo "1720"]
[PlyCount "55"]
[EventDate "2025.09.18"]
[WhiteTeam "SK MEDVODE"]
[BlackTeam "SD MENGES - TRZIN"]

1. e4 c6 2. d4 d5 3. exd5 cxd5 4. c4 Nf6 5. Nc3 Bf5 6. Nf3 e6 7. Qb3 b6 8. Bg5
dxc4 9. Bxc4 Be7 10. Bb5+ Nfd7 11. Bf4 O-O 12. O-O-O a6 13. Bd3 Bxd3 14. Rxd3
Nc6 15. Kb1 h6 16. g4 Na5 17. Qd1 Rc8 18. h4 Rc6 19. g5 f6 20. gxh6 g6 21. Rg1
Kh7 22. Rxg6 Rf7 23. Qg1 Qf8 24. h5 Nc4 25. Nh4 e5 26. Rdg3 Rc8 27. Rg7+ Rxg7
28. Rxg7+ 1-0

[Event "OSREDNJA SLOVENSKA LIGA 2025"]
[Site "gostovanja"]
[Date "2025.10.23"]
[Round "6.6"]
[White "Mulec, Dejan"]
[Black "Lanjscek, Miha"]
[Result "1/2-1/2"]
[WhiteElo "1724"]
[BlackElo "1842"]
[PlyCount "87"]
[EventDate "2025.09.18"]
[WhiteTeam "SK LOSKA DOLINA"]
[BlackTeam "SK TRZIN"]

1. d4 Nf6 2. c4 e6 3. Nf3 a5 4. g3 Bb4+ 5. Bd2 O-O 6. Bg2 b6 7. Ne5 Ra7 8. O-O
Bb7 9. Nc3 Bxg2 10. Kxg2 Be7 11. e4 c6 12. Qe2 d5 13. Bf4 dxc4 14. Qxc4 b5 15.
Qd3 Nbd7 16. Rfd1 Nxe5 17. Bxe5 Nd7 18. Bf4 Nf6 19. Qe2 Rd7 20. e5 Nd5 21. Nxd5
Rxd5 22. Be3 Qb6 23. Rac1 Qb7 24. Kg1 Qd7 25. Rc2 c5 26. Rdc1 cxd4 27. Rc7 Qd8
28. Bd2 b4 29. b3 Qe8 30. f4 Bd8 31. R7c6 Qd7 32. Qa6 Re8 33. Rc8 f6 34. R1c6
fxe5 35. fxe5 Rxe5 36. Rd6 Qe7 37. Rxd4 Rd5 38. Be3 Qd7 39. Qc4 Bb6 40. Rxe8+
Qxe8 41. Re4 Bxe3+ 42. Rxe3 Rd1+ 43. Kg2 Rd2+ 44. Kg1 1/2-1/2

[Event "OSREDNJA SLOVENSKA LIGA 2025"]
[Site "gostovanja"]
[Date "2025.10.23"]
[Round "6.6"]
[White "Konvalinka, Kostja"]
[Black "Bucan, Luka"]
[Result "1-0"]
[WhiteElo "1704"]
[BlackElo "1706"]
[PlyCount "113"]
[EventDate "2025.09.18"]
[WhiteTeam "SK TRZIN"]
[BlackTeam "SK LOSKA DOLINA"]

1. e4 c5 2. Nf3 d6 3. d4 cxd4 4. Bb5+ Bd7 5. Bxd7+ Nxd7 6. Qxd4 Ngf6 7. Nc3 g6
8. e5 dxe5 9. Nxe5 Bg7 10. Nxd7 Qxd7 11. Qxd7+ Nxd7 12. Nd5 Rc8 13. c3 e6 14.
Ne3 Rxc3 15. O-O Rc8 16. Rd1 Nf6 17. Rb1 O-O 18. h3 b5 19. Bd2 Rfd8 20. Ba5
Rxd1+ 21. Rxd1 Kf8 22. Bb4+ Ke8 23. Ba5 Ng8 24. b3 Ne7 25. g3 Nc6 26. Be1 a5
27. Kg2 b4 28. Nc4 Ke7 29. Nxa5 Bc3 30. Bxc3 bxc3 31. Nxc6+ Rxc6 32. Rc1 Kd6
33. Kf3 Kd5 34. Ke3 e5 35. f3 f5 36. Kd3 e4+ 37. fxe4+ fxe4+ 38. Ke3 c2 39. b4
Rc3+ 40. Kf4 Kd4 41. b5 Rf3+ 42. Kg4 Kd3 43. b6 Kd2 44. b7 Rf8 45. Rf1 c1=Q 46.
Rxf8 Qd1+ 47. Kg5 Qh5+ 48. Kf6 Qf5+ 49. Ke7 Qc5+ 50. Ke8 Qc6+ 51. Kf7 Qxb7+ 52.
Ke6 Qa6+ 53. Ke7 Qxa2 54. Rf2+ Kd3 55. Rxa2 e3 56. Kf6 e2 57. Ra1 1-0

[Event "OSREDNJA SLOVENSKA LIGA 2025"]
[Site "gostovanja"]
[Date "2025.10.23"]
[Round "6.6"]
[White "Soba, Franc"]
[Black "Banko, Franci"]
[Result "1-0"]
[WhiteElo "1511"]
[BlackElo "1628"]
[PlyCount "109"]
[EventDate "2025.09.18"]
[WhiteTeam "SK LOSKA DOLINA"]
[BlackTeam "SK TRZIN"]

1. d4 Nf6 2. Nf3 d6 3. g3 g6 4. Bg2 Bg7 5. O-O O-O 6. c4 c6 7. Nc3 Re8 8. Qc2
e5 9. dxe5 dxe5 10. Bg5 h6 11. Rad1 Qc7 12. Bxf6 Bxf6 13. Ne4 Be7 14. Qc3 f6
15. c5 Rd8 16. Qc4+ Kg7 17. b4 Rxd1 18. Rxd1 f5 19. Nd6 Bxd6 20. Rxd6 Qf7 21.
Qxf7+ Kxf7 22. Nxe5+ Kg7 23. Nxg6 Nd7 24. Bh3 Nf6 25. Nh4 f4 26. Bxc8 Rxc8 27.
Nf5+ Kf7 28. gxf4 h5 29. f3 Rc7 30. e4 b6 31. Nh6+ Ke7 32. Nf5+ Kf7 33. Kf2
bxc5 34. bxc5 Nd7 35. Nd4 Nxc5 36. Rxc6 Rd7 37. Rxc5 Rxd4 38. Rc7+ Ke6 39. Rxa7
Rd2+ 40. Kg3 h4+ 41. Kxh4 Rxh2+ 42. Kg3 Rh1 43. Ra6+ Kf7 44. a4 Ke7 45. f5 Rg1+
46. Kf4 Kf7 47. e5 Rd1 48. Ra7+ Ke8 49. f6 Kf8 50. Kf5 Rd3 51. Ke6 Kg8 52. f7+
Kh7 53. f8=Q+ Kg6 54. Rg7+ Kh6 55. Qh8# 1-0

[Event "OSREDNJA SLOVENSKA LIGA 2025"]
[Site "gostovanja"]
[Date "2025.10.23"]
[Round "6.7"]
[White "Levacic, Matic"]
[Black "Kastelic, Marjan"]
[Result "1-0"]
[WhiteElo "1875"]
[BlackElo "2235"]
[PlyCount "81"]
[EventDate "2025.09.18"]
[WhiteTeam "ZELENCI LPP"]
[BlackTeam "SK VISNJA GORA 1"]

1. e4 c5 2. Nf3 d6 3. d4 cxd4 4. Nxd4 Nf6 5. Nc3 a6 6. Be3 e5 7. Nb3 Be7 8. Bc4
Qc7 9. Bd3 b5 10. O-O Bb7 11. Qd2 Nbd7 12. Rfd1 b4 13. Nd5 Nxd5 14. exd5 Bxd5
15. Qxb4 a5 16. Qg4 Nf6 17. Bb5+ Kf8 18. Qe2 h5 19. Rxd5 a4 20. Rdd1 axb3 21.
axb3 Rc8 22. c3 d5 23. Ra7 Qd6 24. Ra6 Qb8 25. Rda1 g6 26. Bg5 Kg7 27. Qf3 Ng4
28. Bxe7 e4 29. Qg3 Qxb5 30. h3 Rhe8 31. hxg4 Rxe7 32. gxh5 Rc6 33. Rxc6 Qxc6
34. Qg5 Qe6 35. hxg6 fxg6 36. Ra8 Rf7 37. Qd8 g5 38. Qh8+ Kg6 39. Rg8+ Kf5 40.
Qh3+ Ke5 41. Qg3+ 1-0

[Event "OSREDNJA SLOVENSKA LIGA 2025"]
[Site "gostovanja"]
[Date "2025.10.23"]
[Round "6.7"]
[White "Medvesek, Janez"]
[Black "Novakovic, Gosto"]
[Result "1-0"]
[WhiteElo "1962"]
[BlackElo "1841"]
[PlyCount "83"]
[EventDate "2025.09.18"]
[WhiteTeam "SK VISNJA GORA 1"]
[BlackTeam "ZELENCI LPP"]

1. d4 d5 2. c4 e6 3. Nc3 Nf6 4. Bg5 Be7 5. e3 a6 6. Nf3 Nc6 7. Rc1 O-O 8. Bd3
dxc4 9. Bxc4 Nd5 10. Bxe7 Ncxe7 11. Ne4 c6 12. O-O Nf5 13. Qe2 h6 14. Nc5 b6
15. Nd3 Bb7 16. e4 Nd6 17. exd5 exd5 18. Bb3 Re8 19. Qd2 Ne4 20. Qf4 g5 21. Qg4
Nf6 22. Qh3 Kg7 23. Nfe5 Bc8 24. Qf3 Be6 25. Nxc6 Qd6 26. Nce5 g4 27. Qf4 Nh5
28. Qd2 Rac8 29. f3 g3 30. Nf4 gxh2+ 31. Kxh2 Nf6 32. Nxe6+ fxe6 33. Kg1 Nh5
34. Qxh6+ Kxh6 35. Nf7+ Kg6 36. Nxd6 Rxc1 37. Rxc1 Rd8 38. Rc6 Nf4 39. Bd1 Kf6
40. Nc8 Rg8 41. g4 Rh8 42. Nxb6 1-0